| 000 | 00926nam a2200277 i 4500 | ||
|---|---|---|---|
| 001 | 2176744 | ||
| 003 | EG-ScBUE | ||
| 005 | 20250817102941.0 | ||
| 008 | 690507t1969 nyua f b 001 0 eng d | ||
| 040 |
_aDLC _beng _erda _cDLC _dDLC _dEG-ScBUE |
||
| 082 | 0 | 4 |
_a547.1395 _bJEN _222 |
| 100 | 1 |
_aJencks, William P., _d1927- _eauthor. _96272 |
|
| 245 | 1 | 0 |
_aCatalysis in chemistry and enzymology / _cWilliam P. Jencks, professor of biochemistry, Brandeis University. |
| 264 | 1 |
_aNew York : _bMcGraw-Hill Book Company, _c[1969] |
|
| 264 | 4 | _cc1969 | |
| 300 |
_axvi, 644 pages : _billustrations ; _c23 cm. |
||
| 336 |
_2rdacontent _atext _btxt |
||
| 337 |
_aunmediated _2rdamedia _bn |
||
| 338 |
_avolume _bnc _2rdacarrier |
||
| 490 | 0 | _aMcGraw-Hill series in advanced chemistry | |
| 500 | _aIncludes index. | ||
| 650 | 7 |
_aCatalysis. _2BUEsh _96273 |
|
| 650 | 7 |
_aEnzymes. _2BUEsh _96274 |
|
| 655 | _vReading book | ||
| 942 |
_2ddc _cBB |
||
| 999 |
_c11857 _d11857 |
||